000 01290nam a22003377a 4500
003 DO-SdBNP
005 20231211124641.0
008 210426b 2018 dr 00| 0 spa d
020 _a9789945176070
040 _aBPMSU
_bspa
_cBPMSU
082 4 _aRD863.5
_bR789h 2018
_222
092 _a
100 1 _aRosario, Eddy
_d
245 1 0 _aLas habichuelas con dulce /
_cEddy Rosario, Joselito Rosario, Seily Ruiz ; ilustración: Yatxel Sánchez ; investigación: Laura V. Sánchez-Vincitore ; coordinación pedagógica: Cledenin Veras
260 _aSanto Domingo:
_bEdiciones SM ;
_bUniversidad Iberoamericana (UNIBE),
_c2018
300 _a39 p. :
_bilus. ;
_c15 cm
490 0 _3La Liga de la Esperanza,
_v3
500 _3
505 _a Narración literaria -- Convocatoria de concurso --Receta de cocina
590 _aInventariado, 2023/VM
650 4 _aCuentos juveniles dominicanos
650 4 _aTiras cómicas, historietas
650 4 _aHabichuelas con dulce
_vCuentos
650 4 _aConcursosc
_vCuentos
650 4 _aLiteratura juvenil dominicana
700 1 _3Sánchez, Yatxel,
_eilustrador
700 1 _3Sánchez-Vincitore, Laura V.
_einvestigador
700 1 _aVeras, Cledenin
_ecoordinador pedagógico
910 _aVMateo V. Control de calidad. BPMSU
942 _2ddc
_cBK
999 _c14510
_d14510